00401nam a2200169Ia 4500008004100000020001800041050001400059100001400073245002000087245003500107260001300142260001800155260000900173300001400182300002500196300001000221180207s9999 xx 000 0 und d a9780099463986 bG779 2004 aGray, Kes aIf I was boss / cby Kes Gray and Nick Sharratt. aLondon : bRed Fox Book, c2004 aunpaged : bcolor illustration ; c17cm.